000 00771nam a2200193Ii 4500
003 JO-AjNU
008 230605s9999||||xx |||||||||||||| ||und||
040 _aJO-AjNU
_bara
_erda
_cJO-AjNU
041 _aara
050 1 4 _aHB2121.7.A4.G362
100 3 _aغانم،عبدالله عبد الغني,
_eauthor
_918128
245 0 0 _aهجرة الايدي العاملة:دراسة في الانثروجيا الاجتماعية للبناء الاجتماعي لمجتمع الحاملين بميناء الاسكندرية
264 3 1 _aالاسكندرية:المكتب الجامعي الحديث
300 _a444ص
336 _atext
_btxt
_2rdacontent
337 _aunmediated
_bn
_2rdamedia
338 _avolume
_bnc
_2rdacarrier
650 4 _aالهجرة-مصر
_918129
999 _aA5739
_c9307
_d9307